LEADER 01073nam a2200265 4500 001 000000350509 003 CaOOAMICUS 005 20220616112644.0 008 220616s2022 it 000 u ita r 020 $a978-88-346-0964-4 040 $aSeMil$bita 100 1 $aGurnah, Abdulrazak.$0(OLS)http://semarc/name/115981 240 10$aParadise.$0(OLS)http://semarc/title/440288 245 10$aParadiso :$b[romanzo] /$cAbdulrazak Gurnah ; traduzione di Alberto Pezzotta. 264 3$aMilano :$bLa nave di Teseo,$c2022. 300 $a363 p. ;$c22 cm 490 1 $aOceani ;$v152 700 1 $aPezzotta, Alberto,$d<1965- >.$0(OLS)http://semarc/name/115674 830 0$aOceani ;$v152.$0(OLS)http://semarc/title/429865 850 $aSeMil 852 $aSeMil$W1$xVenegono$y1$m1T II 13$j233220$B241531$CSeMilBibl$Z2$F241531 $81 996 $6020$a978-88-346-0964-4$9(OLS)http://semarc/number/296032 996 $6245$aParadiso :$b[romanzo]$9(OLS)http://semarc/title/440289 996 $6264$aMilano :$bLa nave di Teseo$9(OLS)http://semarc/publisher/55867 LEADER 00861nam a2200217 i 4500 001 000000068995 003 CaOOAMICUS 005 20050623000000.0 008 050623s1975 it u000 u ita u 013 $a40167 040 $aSeMil$bita 100 1 $aHomans, George C.$0(OLS)http://semarc/name/34480 245 13$aLe forme elementari del comportamento sociale /$cGeorge C. Homans. 260 $aMilano :$bFranco Angeli,$ccopyr. 1975. 300 $a488 p. ;$c22 cm. 650 4$aComportamento sociale.$0(OLS)http://semarc/subject/10549 850 $aSeMil 852 $aSeMil$W1$xVenegono$y1$m3N II 456$j35148$B35148$CSeMilBibl$Z2$F35151 $81 961 $aOmaggio: Colombo Card. Giovanni 996 $6245$aLe forme elementari del comportamento sociale$9(OLS)http://semarc/title/110411 996 $6260$aMilano :$bFranco Angeli$9(OLS)http://semarc/publisher/30369